Statistiques concernant Culture Générale - Série 1078

Cliquez ici pour prendre le quiz!

Statistiques générales

  • Ce quiz a été pris 58 fois
  • Le résultat moyen est 6 sur 10

Statistiques - réponses

QuestionRéponse% Correct
Selon l'expression, quelles parties du corps faut-il croiser pour conjurer le mauvais sort ?doigts
98%
Qu'est-ce qui peut être alcoolique, Fahrenheit ou Celsius ?degré
96%
Dans quelle ville italienne se trouve la villa Médicis qui abrite l'Académie de France ?Rome
96%
De quel animal dit-on qu'“il court, il court” dans le “bois, mesdames”, depuis la publication d'une célèbre chanson enfantine ?furet
94%
Dans une série télévisée des années 70, avec qui Hutch forme-t-il un célèbre duo de flics ?David Starsky
92%
Dans quel film musical de 1962 les Jets affrontent-ils les Sharks ?West Side Story
55%
Quel mot désigne à la fois un petit gâteau sec de forme ronde et une natte de cheveux roulée sur l'oreille ?macaron
42%
Quel synonyme de fugace désigne aussi un type d'avion qui ne peut être détecté par les radars ?furtif
38%
Quel coureur cycliste a remporté le Tour de France, en 1998 ?Marco Pantani
8%
Quelle chanteuse et actrice américaine est à l'affiche des films "Angel Eyes" et "Plus jamais" ?Jennifer Lopez
6%

Distribution des résultats

Percentile par nombre de réponses

% des personnes avec chaque résultat

Votre développement - résultats

Vous n’avez pas pris ce quiz